Rose o' the River/ (Record no. 174600)

MARC details
000 -LEADER
fixed length control field 00515nam a22001817a 4500
005 - DATE AND TIME OF LATEST TRANSACTION
control field 20200624131034.0
010 ## - LCCN (DPL NO)
LC control number ENG-128233
020 ## - INTERNATIONAL STANDARD BOOK NUMBER
Terms of availability 550.00
International Standard Book Number 9788192655239
035 ## - SYSTEM CONTROL NUMBER
System control number EN-111765
037 ## - SOURCE OF ACQUISITION
Source of stock number/acquisition DBAD/PUB
082 ## - DEWEY DECIMAL CLASSIFICATION NUMBER
Classification number S
100 ## - MAIN ENTRY--PERSONAL NAME
Personal name Kate Douglas Wiggin
245 ## - TITLE STATEMENT
Title Rose o' the River/
Statement of responsibility, etc by Kate Douglas Wiggin
260 ## - PUBLICATION, DISTRIBUTION, ETC. (IMPRINT)
Place of publication, distribution, etc Jaipur
Name of publisher, distributor, etc Manish Prakashan
Date of publication, distribution, etc 2017
270 ## - ADDRESS
Address 322-iind floor kamla Nehru Nagar,NBC Road Hasanpura-c
City Jaipur
Postal code 302006
300 ## - PHYSICAL DESCRIPTION
Extent 128p.
Dimensions 24cm(hb)
942 ## - ADDED ENTRY ELEMENTS (KOHA)
Source of classification or shelving scheme Dewey Decimal Classification
Item type English Books
Classification part S
Call number suffix SUB
Holdings
Withdrawn status Lost status Not for loan Collection code Home library Current library Date acquired Source of acquisition Cost, normal purchase price Full call number Barcode Copy number Cost, replacement price Koha item type
      Non-fiction Central Library Central Library 24/06/2020 DBAD/PUB 550.00 S SUB EN-111765 1 550.00 English Books

© Delhi Public Library
Hit Counter
free hit counter